Disruptive technologies, climate change and shipping / (Record no. 3028)

000 -LEADER
fixed length control field 04118cam a22005778i 4500
006 - FIXED-LENGTH DATA ELEMENTS--ADDITIONAL MATERIAL CHARACTERISTICS--GENERAL INFORMATION
fixed length control field m o d
007 - PHYSICAL DESCRIPTION FIXED FIELD--GENERAL INFORMATION
fixed length control field cr |||||||||||
008 - FIXED-LENGTH DATA ELEMENTS--GENERAL INFORMATION
fixed length control field 211101s2022 enk ob 001 0 eng
040 ## - CATALOGING SOURCE
Original cataloging agency IMU Kochi Library
Language of cataloging eng
040 ## - CATALOGING SOURCE
Original cataloging agency
Language of cataloging eng
Description conventions rda
020 ## - INTERNATIONAL STANDARD BOOK NUMBER
International Standard Book Number 9781003155195
Qualifying information (ebook)
020 ## - INTERNATIONAL STANDARD BOOK NUMBER
International Standard Book Number 1003155197
020 ## - INTERNATIONAL STANDARD BOOK NUMBER
Qualifying information (hardback)
020 ## - INTERNATIONAL STANDARD BOOK NUMBER
Qualifying information (paperback)
020 ## - INTERNATIONAL STANDARD BOOK NUMBER
International Standard Book Number 9781000536713
Qualifying information (electronic bk. : EPUB)
020 ## - INTERNATIONAL STANDARD BOOK NUMBER
International Standard Book Number 1000536718
Qualifying information (electronic bk. : EPUB)
020 ## - INTERNATIONAL STANDARD BOOK NUMBER
International Standard Book Number 9781000536652
Qualifying information (electronic bk. : PDF)
020 ## - INTERNATIONAL STANDARD BOOK NUMBER
International Standard Book Number 1000536653
Qualifying information (electronic bk. : PDF)
041 0# - LANGUAGE CODE
Language code of text/sound track or separate title eng
072 #7 - SUBJECT CATEGORY CODE
Subject category code LAW
Subject category code subdivision 066000
Source bisacsh
072 #7 - SUBJECT CATEGORY CODE
Subject category code LAW
Subject category code subdivision 099000
Source bisacsh
072 #7 - SUBJECT CATEGORY CODE
Subject category code SCI
Subject category code subdivision 092000
Source bisacsh
072 #7 - SUBJECT CATEGORY CODE
Subject category code LBDM
Source bicssc
082 00 - DEWEY DECIMAL CLASSIFICATION NUMBER
Classification number 343.09/6
Edition number 23/eng/20211105
245 00 - TITLE STATEMENT
Title Disruptive technologies, climate change and shipping /
300 ## - PHYSICAL DESCRIPTION
Extent 1 online resource.
490 0# - SERIES STATEMENT
Series statement Maritime and transport law library
505 0# - FORMATTED CONTENTS NOTE
Formatted contents note Shipping and distributed ledgers : of paper, code and progress / Andrew Tettenborn -- Blockchain and electronic bills of lading : can revolutionary technology facilitate evolutionary change / John Russell -- Distributed ledger technology and commercial insurance : the beginning of a new era? / Barış Soyer -- UNCITRAL model law on electronic transferable records : the missing link towards e-shipping? / Olivier Cachard -- Autonomous systems : cyber risks and seaworthiness / Paul Dean, Henry Clack and Astrid Ainley -- Use of unmanned aircraft systems in a maritime context : operational, regulatory and legal issues / George Leloudas and Michael Chatzipanagiotis -- The role AI and machine learning will play in Maritime and Trade Law / Julian Clark and David Owens -- Maritime intellectual property : shining a light on the protection of disruptive technologies within the shipping industry / Andrew Beale -- The human element in autonomous shipping / Zoumpoulia Amaxilati -- Shipping and climate change / Simon Baughen -- International legal aspects of arctic shipping / Youri van Logchem -- Paving the way for a (European) emission trading system for shipping : EU and IMO on different paths / Ellen Eftestøl and Emilie Yliheljo -- Liability for climate damage and shipping / Ewan McGaughey.
520 ## - SUMMARY, ETC.
Summary, etc "This book analyses the impact of two vital and contemporary developments on shipping law and practice: disruptive technologies and climate change. It considers the impact of these new technologies, honing in on likely emerging issues and unresolved questions, especially about existing and potential private law liabilities and concentrates, from the point of view of English, EU and international law, on the legal implications of climate change and associated environmental risks in the shipping sector. Written by a contributor team drawn from the most experienced and knowledgeable academics and practitioners in shipping law, this treatment of these growing areas of practice will be of great use to lawyers and administrators across the world"--
650 #0 - SUBJECT ADDED ENTRY--TOPICAL TERM
Topical term or geographic name as entry element Maritime law.
650 #0 - SUBJECT ADDED ENTRY--TOPICAL TERM
Topical term or geographic name as entry element Technological innovations
General subdivision Law and legislation.
650 #0 - SUBJECT ADDED ENTRY--TOPICAL TERM
Topical term or geographic name as entry element Climatic changes
General subdivision Law and legislation.
650 #0 - SUBJECT ADDED ENTRY--TOPICAL TERM
Topical term or geographic name as entry element Maritime law
General subdivision Environmental aspects.
650 #7 - SUBJECT ADDED ENTRY--TOPICAL TERM
Topical term or geographic name as entry element LAW / Maritime
Source of heading or term bisacsh
650 #7 - SUBJECT ADDED ENTRY--TOPICAL TERM
Topical term or geographic name as entry element LAW / Science & Technology
Source of heading or term bisacsh
700 1# - ADDED ENTRY--PERSONAL NAME
Personal name Soyer, Barış,
Relator term
700 1# - ADDED ENTRY--PERSONAL NAME
Personal name Tettenborn, Andrew,
Relator term
856 40 - ELECTRONIC LOCATION AND ACCESS
Uniform Resource Identifier <a href="https://www.taylorfrancis.com/books/9781003155195">https://www.taylorfrancis.com/books/9781003155195</a>
856 42 - ELECTRONIC LOCATION AND ACCESS
Uniform Resource Identifier <a href="http://www.oclc.org/content/dam/oclc/forms/terms/vbrl-201703.pdf">http://www.oclc.org/content/dam/oclc/forms/terms/vbrl-201703.pdf</a>
904 ## - LOCAL DATA ELEMENT D, LDD (RLIN)
CATALOGER Rudra Ranjan
905 ## - LOCAL DATA ELEMENT E, LDE (RLIN)
VERIFIER Rudra Ranjan
942 ## - ADDED ENTRY ELEMENTS (KOHA)
Item type E-Book
264 #1 -
-- Abingdon, Oxon ;
-- New York, NY :
-- Routledge,
-- 2022.
336 ## -
-- text
-- txt
-- rdacontent
337 ## -
-- computer
-- c
-- rdamedia
338 ## -
-- online resource
-- cr
-- rdacarrier
520 ## - SUMMARY, ETC.
-- Provided by publisher.
588 ## -
-- OCLC-licensed vendor bibliographic record.

No items available.



Copyright © All Rights Reserved by Indian Maritime University, Kochi Campus.
For any Suggestions/Query Contact to library or Email: library.kochi@imu.ac.in Ph:(0484)-2989402
(Web OPAC Designed by Rudra Ranjan. Maintained by IMU Kochi Library)

Powered by Koha